000 00525nam a2200181Ia 4500
005 20250508152525.0
008 008 250505s9999 xx 000 0 eng d
037 _aBooks to be hide in OPAC
040 _aFEDL
_beng
_cFEDL
041 _aeng
_2eng
084 _a378.54, DEL
_qFEDL
245 0 _aMinutes of the executive council and the academic council october-december 1958
245 0 _cUniversity of Delhi
260 _c1958
300 _a40p.
942 _cHB
_h378.54, DEL
999 _c1336987
_d1336987